00574nam a2200205Ia 4500008004100000020001800041050001400059100001900073245001200092245001900104245003400123260001500157260001600172260000900188300001400197300002500211300001000236999001900246952010300265180207s9999 xx 000 0 und d a9780545566513 bL299 2013 aLa Padula, Tom aTonka : btough trucks / cillustrated by Tom La Padula. aNew York : bScholastic, c2013 aunpaged : bcolor illustration ; c17cm. c355520d355520 001040aSSISMbSSISMd2018-02-07l0oER L299 2013pSSISM5065r2018-02-07 00:00:00w2018-02-07yBK